Literature by War Setting Quiz Stats

 Plays Quiz Updated Aug 14, 2015

Challenge
Share
Tweet
Embed
Score 0/30 Timer 06:00
5 Plays Today
% Correct
All Quiet on the Western Front
81.3%
American Sniper
80.3%
The Man from Saigon
76.3%
Gone with the Wind
75.5%
MASH
74.9%
A Tale of Two Cities
69.6%
Guernica
66.9%
A Farewell to Arms
65.9%
The Diary of a Young Girl
65.8%
Richard III
65.2%
For Whom the Bell Tolls
61.8%
Catch-22
60.2%
The Scarlet Pimpernel
59.7%
The Count of Monte Cristo
56.6%
The Princes in the Tower
55.8%
% Correct
Lone Survivor
53.4%
War and Peace
53.3%
Little Women
52.5%
The White Queen
51.3%
The Manchurian Candidate
50.7%
Master and Commander
50.4%
We Were Soldiers Once ... And Young
49.2%
The Quiet American
33.2%
Night
31.3%
The Killer Angels
24.9%
Johnny Got His Gun
22.6%
Where Men Win Glory
22.4%
The Prime of Miss Jean Brodie
15.9%
Ninety-Three
15.6%
Hold Back the Night
11.9%

You're not logged in!

Compare scores with friends on all Sporcle quizzes.
Join for Free
OR
Log In

You Might Also Like...

Show Comments

Extras

Top Quizzes Today


Score Distribution

Your Account Isn't Verified!

In order to create a playlist on Sporcle, you need to verify the email address you used during registration. Go to your Sporcle Settings to finish the process.

Report this User

Report this user for behavior that violates our Community Guidelines.

Details: